Testimonios y fragmentos. Retórica a Alejandro.
Shranjeno v:
| Glavni avtor: | |
|---|---|
| Drugi avtorji: | |
| Format: | Knjiga |
| Jezik: | angleščina |
| Izdano: |
Madrid, España:
Gredos,
2005.
|
| Serija: | Biblioteca Clásica Gredos, 341.
|
| Teme: | |
| Oznake: |
Označite
Brez oznak, prvi označite!
|
MARC
| LEADER | 00000nam a22000007a 4500 | ||
|---|---|---|---|
| 003 | CL-VaPUC | ||
| 005 | 20220822114434.0 | ||
| 008 | 220316t2005 ||||| |||| 00| 0 eng d | ||
| 999 | |c 434895 |d 434893 | ||
| 020 | |a 84-249-2782-6 | ||
| 040 | |c Pontificia Universidad Católica de Valparaíso | ||
| 082 | 7 | |a 183.1 ALC 2005 |2 22 | |
| 100 | |a Elea, Alcidamante de |9 867275 |e autor | ||
| 245 | |a Testimonios y fragmentos. |b Retórica a Alejandro. | ||
| 260 | |a Madrid, España: |b Gredos, |c 2005. | ||
| 300 | |a 306 páginas. | ||
| 490 | |a Biblioteca Clásica Gredos, 341. | ||
| 500 | |a c.1 Donación Familia Prof. Alejandro Guzmán Brito. | ||
| 583 | |c 20220316 |k Yessy Stephany Diaz Vidal | ||
| 650 | 0 | |a Filosofía antigua |9 255705 | |
| 650 | 0 | |a Sofismo |9 335226 | |
| 700 | |a Lámpsaco, Anaxímenes de |e autor |9 867276 | ||
| 942 | |2 ddc |c BK |n 0 | ||
| 952 | |0 0 |1 0 |2 ddc |4 0 |6 183_100000000000000_ALC_2005 |7 1 |8 C_AGB |9 581895 |a BIBDER |b BIBDER |d 2022-03-16 |e Donación |i 5650125 |o 183.1 ALC 2005 |p 5650125 |r 2023-01-25 |t 1 |w 2022-03-16 |y BK_US |k AGB | ||